| 000 | 00555nam a2200181 4500 | ||
|---|---|---|---|
| 008 | s2010 le fre u | ||
| 020 | _a9789953016856 | ||
| 040 | _aLB-BrCRDP | ||
| 082 | 1 |
_a344.01 _bGho |
|
| 100 | 1 | _aGeorges, Aziz Gholmieh | |
| 245 | 1 | 0 |
_aDroit du travail et de la protection sociale au liban _cGeorges Aziz Gholmieh, Boutros Harb |
| 260 |
_aBeirut _bEditions juridiques Sader _c2010 |
||
| 300 | _a208p | ||
| 490 | 0 | _aprofessionnelle | |
| 700 | 1 | _aBoutros, Harb | |
| 942 | _cBK | ||
| 999 |
_c9183 _d9183 |
||